[Event "Iran Women Ch.2016"]
[Site "Tehran"]
[Date "2016.01.18"]
[Round "4.4"]
[White "Hashemi, Seyede Fatemeh"]
[Black "Zahedifar, Anahita"]
[Result "1-0"]
[BlackElo "1982"]
[WhiteElo "1812"]
[LiveChessVersion "1.4.7"]

1. e4 {[%clk 1:30:38]} c6 {[%clk 1:30:53]} 2. d4 {[%clk 1:30:54]} d5
{[%clk 1:31:17]} 3. exd5 {[%clk 1:31:05]} cxd5 {[%clk 1:31:40]} 4. Bd3
{[%clk 1:31:19]} Nc6 {[%clk 1:31:56]} 5. c3 {[%clk 1:31:40]} Nf6 {[%clk 1:32:21]}
6. Bf4 {[%clk 1:32:00]} Bg4 {[%clk 1:32:00]} 7. Qb3 {[%clk 1:32:18]} Qd7
{[%clk 1:31:52]} 8. Nd2 {[%clk 1:32:33]} e6 {[%clk 1:31:28]} 9. Ngf3
{[%clk 1:32:43]} Bd6 {[%clk 1:31:12]} 10. Bg3 {[%clk 1:32:31]} O-O
{[%clk 1:19:40]} 11. O-O {[%clk 1:31:45]} Nh5 {[%clk 1:14:57]} 12. Rae1
{[%clk 1:14:59]} Rab8 {[%clk 1:01:37]} 13. Qd1 {[%clk 0:58:12]} f5
{[%clk 0:56:24]} 14. Qc2 {[%clk 0:52:33]} Nf6 {[%clk 0:42:39]} 15. Bxd6
{[%clk 0:48:30]} Qxd6 {[%clk 0:43:02]} 16. Ne5 {[%clk 0:48:35]} Bh5
{[%clk 0:41:50]} 17. f3 {[%clk 0:46:41]} Nxe5 {[%clk 0:39:20]} 18. Rxe5
{[%clk 0:45:36]} Nd7 {[%clk 0:39:13]} 19. Re2 {[%clk 0:43:36]} b5
{[%clk 0:36:26]} 20. Rfe1 {[%clk 0:42:08]} Rf6 {[%clk 0:34:24]} 21. Nf1
{[%clk 0:35:54]} Rh6 {[%clk 0:27:45]} 22. b3 {[%clk 0:16:53]} Bf7
{[%clk 0:22:08]} 23. Qd2 {[%clk 0:13:46]} Nf8 {[%clk 0:16:18]} 24. g3
{[%clk 0:07:39]} a6 {[%clk 0:10:48]} 25. Rc1 {[%clk 0:06:31]} Rc8
{[%clk 0:08:03]} 26. Qe3 {[%clk 0:06:16]} Ng6 {[%clk 0:07:03]} 27. f4
{[%clk 0:05:57]} Rd8 {[%clk 0:04:49]} 28. Rd2 {[%clk 0:05:33]} Nf8
{[%clk 0:04:16]} 29. Be2 {[%clk 0:05:35]} Nd7 {[%clk 0:02:40]} 30. Rdd1
{[%clk 0:01:23]} Nb6 {[%clk 0:01:49]} 31. Rd2 {[%clk 0:00:47]} Be8
{[%clk 0:01:36]} 32. Bd3 {[%clk 0:00:44]} Bc6 {[%clk 0:01:14]} 33. Re2
{[%clk 0:00:59]} Rf6 {[%clk 0:01:25]} 34. Nd2 {[%clk 0:01:15]} Rc8
{[%clk 0:00:52]} 35. Nf3 {[%clk 0:01:21]} Bb7 {[%clk 0:00:46]} 36. Ne5
{[%clk 0:01:11]} Qc7 {[%clk 0:00:43]} 37. Bb1 {[%clk 0:01:34]} Nd7
{[%clk 0:00:49]} 38. Nxd7 {[%clk 0:01:22]} Qxd7 {[%clk 0:01:18]} 39. Bd3
{[%clk 0:01:21]} Qc6 {[%clk 0:01:10]} 40. Rec2 {[%clk 0:01:42]} h5
{[%clk 0:00:45]} 41. Kf2 {[%clk 0:01:18]} Kf7 {[%clk 0:00:48]} 42. Be2
{[%clk 0:01:27]} h4 {[%clk 0:00:54]} 43. gxh4 {[%clk 0:01:18]} Rh8
{[%clk 0:00:53]} 44. h5 {[%clk 0:01:32]} g6 {[%clk 0:00:47]} 45. Rg1
{[%clk 0:01:31]} Qd6 {[%clk 0:00:36]} 46. Qg3 {[%clk 0:01:15]} Kg7
{[%clk 0:00:40]} 47. Ke1 {[%clk 0:01:11]} Bc6 {[%clk 0:00:38]} 48. Bf3
{[%clk 0:00:53]} Be8 {[%clk 0:00:44]} 49. Qg5 {[%clk 0:00:34]} Bf7
{[%clk 0:00:37]} 50. Rg3 {[%clk 0:00:58]} b4 {[%clk 0:00:34]} 51. Rh3
{[%clk 0:01:17]} Rh6 {[%clk 0:00:38]} 52. Bd1 {[%clk 0:00:49]} Be8
{[%clk 0:00:35]} 53. c4 {[%clk 0:00:36]} Bc6 {[%clk 0:00:34]} 54. c5
{[%clk 0:00:48]} Qf8 {[%clk 0:00:45]} 55. Rg2 {[%clk 0:01:01]} Rf7
{[%clk 0:00:38]} 56. hxg6 {[%clk 0:00:51]} Rxh3 {[%clk 0:00:59]} 57. gxf7+
{[%clk 0:01:18]} Kxf7 {[%clk 0:01:23]} 58. Bh5+ {[%clk 0:01:25]} 1-0

[Event "Iran Women Ch.2016"]
[Site "Tehran"]
[Date "2016.01.18"]
[Round "4.5"]
[White "Alavi, Homa"]
[Black "Karimi, Yeganeh"]
[Result "1-0"]
[BlackElo "1971"]
[WhiteElo "1935"]
[LiveChessVersion "1.4.7"]

1. d4 {[%clk 1:30:54]} Nf6 {[%clk 1:30:47]} 2. Nf3 {[%clk 1:31:13]} c5
{[%clk 1:30:26]} 3. g3 {[%clk 1:30:37]} e6 {[%clk 1:27:04]} 4. Bg2
{[%clk 1:30:44]} d5 {[%clk 1:27:16]} 5. O-O {[%clk 1:29:23]} Nc6 {[%clk 1:26:35]}
6. c4 {[%clk 1:25:43]} Be7 {[%clk 1:20:50]} 7. Nc3 {[%clk 1:22:18]} O-O
{[%clk 1:20:21]} 8. cxd5 {[%clk 1:18:52]} exd5 {[%clk 1:20:22]} 9. dxc5
{[%clk 1:17:30]} Bxc5 {[%clk 1:20:19]} 10. Bg5 {[%clk 1:17:43]} Be6
{[%clk 1:08:49]} 11. Rc1 {[%clk 1:12:11]} Be7 {[%clk 1:06:39]} 12. Nd4
{[%clk 1:11:33]} Nxd4 {[%clk 1:06:17]} 13. Qxd4 {[%clk 1:11:59]} h6
{[%clk 1:05:13]} 14. Bf4 {[%clk 1:11:33]} Qa5 {[%clk 1:02:44]} 15. Bd2
{[%clk 1:05:35]} Qa6 {[%clk 0:57:41]} 16. a4 {[%clk 0:56:24]} b6 {[%clk 0:50:13]}
17. Nb5 {[%clk 0:52:41]} Rac8 {[%clk 0:45:55]} 18. Bb4 {[%clk 0:33:32]} Bxb4
{[%clk 0:26:21]} 19. Qxb4 {[%clk 0:33:58]} Rc5 {[%clk 0:20:56]} 20. Rxc5
{[%clk 0:22:19]} bxc5 {[%clk 0:21:07]} 21. Qxc5 {[%clk 0:22:41]} Qxa4
{[%clk 0:21:29]} 22. Nc3 {[%clk 0:22:20]} Qb3 {[%clk 0:20:17]} 23. Qa3
{[%clk 0:18:03]} Qb6 {[%clk 0:20:20]} 24. Rd1 {[%clk 0:15:40]} Rd8
{[%clk 0:16:00]} 25. Na4 {[%clk 0:11:56]} Qa6 {[%clk 0:15:37]} 26. e3
{[%clk 0:11:51]} Rc8 {[%clk 0:15:41]} 27. Bf1 {[%clk 0:10:51]} Qc6
{[%clk 0:14:53]} 28. Nc3 {[%clk 0:11:13]} Qc7 {[%clk 0:12:19]} 29. Ra1
{[%clk 0:08:45]} Qb8 {[%clk 0:08:47]} 30. Nb5 {[%clk 0:08:31]} Qe5
{[%clk 0:07:37]} 31. Nd4 {[%clk 0:07:45]} Ne4 {[%clk 0:05:23]} 32. Qe7
{[%clk 0:06:02]} Nd2 {[%clk 0:03:24]} 33. Bh3 {[%clk 0:03:38]} Rc7
{[%clk 0:01:36]} 34. Qe8+ {[%clk 0:03:34]} Kh7 {[%clk 0:02:04]} 35. Bxe6
{[%clk 0:03:31]} fxe6 {[%clk 0:02:01]} 36. Qxe6 {[%clk 0:03:43]} Qh5
{[%clk 0:01:36]} 37. Qf5+ {[%clk 0:02:14]} Qxf5 {[%clk 0:02:05]} 38. Nxf5
{[%clk 0:02:44]} Rb7 {[%clk 0:02:18]} 39. Ra5 {[%clk 0:02:20]} Rd7
{[%clk 0:01:56]} 40. b4 {[%clk 0:02:24]} Kg6 {[%clk 0:01:24]} 41. Nd4
{[%clk 0:02:39]} Kf6 {[%clk 0:01:13]} 42. Nc6 {[%clk 0:02:39]} Nf3+
{[%clk 0:01:14]} 43. Kg2 {[%clk 0:03:02]} Ne1+ {[%clk 0:01:39]} 44. Kf1
{[%clk 0:03:25]} Nd3 {[%clk 0:01:59]} 45. Ke2 {[%clk 0:03:33]} Ne5
{[%clk 0:01:52]} 46. Rxa7 {[%clk 0:02:29]} Rxa7 {[%clk 0:01:49]} 47. Nxa7
{[%clk 0:02:58]} Ke6 {[%clk 0:02:08]} 48. Nb5 {[%clk 0:03:05]} Kd7
{[%clk 0:02:13]} 49. Nd4 {[%clk 0:03:32]} g6 {[%clk 0:02:31]} 50. f4
{[%clk 0:03:37]} Ng4 {[%clk 0:02:30]} 51. h3 {[%clk 0:03:52]} Nf6
{[%clk 0:02:56]} 52. Nf3 {[%clk 0:03:31]} Ne4 {[%clk 0:02:24]} 53. g4
{[%clk 0:03:29]} Kc6 {[%clk 0:01:58]} 54. Nd4+ {[%clk 0:03:20]} Kd6
{[%clk 0:02:17]} 55. b5 {[%clk 0:03:10]} g5 {[%clk 0:01:25]} 56. Nf5+
{[%clk 0:02:33]} Kc5 {[%clk 0:01:16]} 57. Nxh6 {[%clk 0:02:50]} Kxb5
{[%clk 0:01:43]} 58. fxg5 {[%clk 0:03:12]} Nxg5 {[%clk 0:02:08]} 59. h4
{[%clk 0:03:32]} Ne6 {[%clk 0:02:27]} 60. Nf5 {[%clk 0:03:26]} Nf8
{[%clk 0:02:14]} 61. g5 {[%clk 0:03:32]} Nh7 {[%clk 0:01:34]} 62. g6
{[%clk 0:03:47]} Nf6 {[%clk 0:01:59]} 63. g7 {[%clk 0:03:50]} 1-0

[Event "Iran Women Ch.2016"]
[Site "Tehran"]
[Date "2016.01.18"]
[Round "4.6"]
[White "Lotfi, Aylar"]
[Black "Mahdian, Anousha"]
[Result "0-1"]
[BlackElo "1811"]
[WhiteElo "1973"]
[LiveChessVersion "1.4.7"]

1. c4 {[%clk 1:30:58]} e6 {[%clk 1:23:42]} 2. d4 {[%clk 1:31:01]} d5
{[%clk 1:24:07]} 3. Nc3 {[%clk 1:31:22]} c6 {[%clk 1:24:30]} 4. e3
{[%clk 1:31:07]} Nf6 {[%clk 1:24:48]} 5. Nf3 {[%clk 1:31:24]} a6 {[%clk 1:25:09]}
6. Qc2 {[%clk 1:29:26]} c5 {[%clk 1:25:21]} 7. cxd5 {[%clk 1:28:24]} exd5
{[%clk 1:25:39]} 8. dxc5 {[%clk 1:25:47]} Bxc5 {[%clk 1:26:01]} 9. Be2
{[%clk 1:21:53]} Nc6 {[%clk 1:23:32]} 10. O-O {[%clk 1:21:39]} Qe7
{[%clk 1:22:20]} 11. a3 {[%clk 1:17:15]} O-O {[%clk 1:06:03]} 12. Rd1
{[%clk 1:14:51]} Be6 {[%clk 1:04:34]} 13. Nd4 {[%clk 1:12:26]} Nxd4
{[%clk 1:02:59]} 14. exd4 {[%clk 1:12:40]} Bd6 {[%clk 0:53:12]} 15. Bg5
{[%clk 1:09:52]} h6 {[%clk 0:51:11]} 16. Bh4 {[%clk 1:07:44]} Rac8
{[%clk 0:47:49]} 17. Bf3 {[%clk 1:05:31]} Bb8 {[%clk 0:42:21]} 18. Qb3
{[%clk 1:00:53]} Qd6 {[%clk 0:38:49]} 19. Bg3 {[%clk 0:56:41]} Qc6
{[%clk 0:28:56]} 20. Be5 {[%clk 0:40:03]} Ne4 {[%clk 0:20:27]} 21. Bxe4
{[%clk 0:34:10]} dxe4 {[%clk 0:20:47]} 22. d5 {[%clk 0:33:56]} Bxe5
{[%clk 0:20:51]} 23. dxe6 {[%clk 0:34:11]} Qxe6 {[%clk 0:14:49]} 24. Qxb7
{[%clk 0:15:21]} Bxc3 {[%clk 0:14:05]} 25. bxc3 {[%clk 0:15:50]} Rxc3
{[%clk 0:13:23]} 26. a4 {[%clk 0:12:47]} e3 {[%clk 0:11:39]} 27. fxe3
{[%clk 0:12:44]} Qxe3+ {[%clk 0:12:04]} 28. Kh1 {[%clk 0:12:49]} a5
{[%clk 0:07:43]} 29. Qb5 {[%clk 0:10:35]} Rc5 {[%clk 0:06:49]} 30. Qd7
{[%clk 0:10:15]} Rfc8 {[%clk 0:05:32]} 31. Rf1 {[%clk 0:05:39]} R8c7
{[%clk 0:04:59]} 32. Qd8+ {[%clk 0:05:43]} Kh7 {[%clk 0:05:23]} 33. Qd1
{[%clk 0:02:04]} Qe4 {[%clk 0:03:02]} 34. Re1 {[%clk 0:01:09]} Qg6
{[%clk 0:02:38]} 35. Qf3 {[%clk 0:00:49]} Rc3 {[%clk 0:01:36]} 36. Qd5
{[%clk 0:00:49]} R7c5 {[%clk 0:01:28]} 37. Qd8 {[%clk 0:00:45]} Rc2
{[%clk 0:01:37]} 38. Rg1 {[%clk 0:00:41]} R2c3 {[%clk 0:00:48]} 39. Rae1
{[%clk 0:00:40]} Rd3 {[%clk 0:00:39]} 40. Qa8 {[%clk 0:01:01]} Qf5
{[%clk 0:00:40]} 41. Re8 {[%clk 0:00:54]} Qd5 42. Rh8+ {[%clk 0:00:52]} Kg6
{[%clk 0:01:05]} 43. Qa6+ {[%clk 0:00:41]} Qd6 {[%clk 0:01:16]} 44. Qxd6+
{[%clk 0:00:42]} Rxd6 {[%clk 0:01:42]} 45. Ra8 {[%clk 0:00:58]} Rd4
{[%clk 0:02:04]} 46. Ra1 {[%clk 0:01:13]} Rxa4 {[%clk 0:02:27]} 47. Ra6+
{[%clk 0:01:13]} f6 {[%clk 0:01:52]} 48. Rd1 {[%clk 0:01:01]} Ra2
{[%clk 0:01:55]} 49. h3 {[%clk 0:00:48]} Rcc2 {[%clk 0:01:19]} 50. Rg1
{[%clk 0:01:07]} a4 {[%clk 0:01:40]} 51. Kh2 {[%clk 0:01:29]} a3 {[%clk 0:01:39]}
52. Kg3 {[%clk 0:01:47]} Rc3+ {[%clk 0:01:56]} 53. Kg4 {[%clk 0:01:47]} Rb2
{[%clk 0:01:56]} 54. Ra4 {[%clk 0:00:42]} a2 {[%clk 0:02:17]} 55. Ra1
{[%clk 0:00:46]} Rxg2+ {[%clk 0:02:41]} 56. Kh4 {[%clk 0:00:46]} h5
{[%clk 0:01:59]} 57. R1xa2 {[%clk 0:00:37]} Rxa2 {[%clk 0:02:24]} 58. Rxa2
{[%clk 0:01:06]} Kh6 {[%clk 0:02:45]} 59. Ra3 {[%clk 0:00:39]} g5#
{[%clk 0:03:09]} 60. Ra1 0-1

[Event "Iran Women Ch.2016"]
[Site "Tehran"]
[Date "2016.01.18"]
[Round "4.7"]
[White "Asgharzadeh, Mitra"]
[Black "Hakimifard, Ghazal"]
[Result "0-1"]
[BlackElo "2181"]
[WhiteElo "1907"]
[LiveChessVersion "1.4.7"]

1. d4 {[%clk 1:30:54]} Nf6 {[%clk 1:30:53]} 2. Nf3 {[%clk 1:31:19]} e6
{[%clk 1:31:18]} 3. e3 {[%clk 1:31:36]} b6 {[%clk 1:31:22]} 4. Bd3
{[%clk 1:32:00]} Bb7 {[%clk 1:31:48]} 5. O-O {[%clk 1:32:22]} Be7
{[%clk 1:31:12]} 6. c4 {[%clk 1:32:38]} Ne4 {[%clk 1:26:23]} 7. Nc3
{[%clk 1:24:06]} Nxc3 {[%clk 1:19:07]} 8. bxc3 {[%clk 1:24:21]} O-O
{[%clk 1:17:05]} 9. e4 {[%clk 1:21:17]} d6 {[%clk 1:12:24]} 10. Be3
{[%clk 1:17:14]} Nd7 {[%clk 1:11:39]} 11. Rb1 {[%clk 1:13:41]} c5
{[%clk 1:05:11]} 12. Qe2 {[%clk 1:04:39]} Qc7 {[%clk 0:59:26]} 13. Rfc1
{[%clk 0:58:13]} Rae8 {[%clk 0:54:55]} 14. Qc2 {[%clk 0:52:51]} e5
{[%clk 0:53:00]} 15. d5 {[%clk 0:51:02]} Nf6 {[%clk 0:51:54]} 16. Rf1
{[%clk 0:48:19]} Kh8 {[%clk 0:50:26]} 17. g3 {[%clk 0:45:27]} Bc8
{[%clk 0:50:17]} 18. Ne1 {[%clk 0:42:34]} Qd7 {[%clk 0:39:54]} 19. Rb2
{[%clk 0:38:45]} Qh3 {[%clk 0:35:47]} 20. f3 {[%clk 0:37:07]} Nh5
{[%clk 0:34:53]} 21. Rf2 {[%clk 0:31:53]} g6 {[%clk 0:30:02]} 22. Qc1
{[%clk 0:27:49]} Qd7 {[%clk 0:29:11]} 23. g4 {[%clk 0:23:08]} Ng7
{[%clk 0:26:57]} 24. Rg2 {[%clk 0:23:09]} Bh4 {[%clk 0:23:04]} 25. Bc2
{[%clk 0:19:56]} Ba6 {[%clk 0:21:09]} 26. Bb3 {[%clk 0:19:32]} f6
{[%clk 0:19:44]} 27. Qd1 {[%clk 0:18:57]} Qf7 {[%clk 0:19:04]} 28. Ba4
{[%clk 0:17:21]} Re7 {[%clk 0:17:21]} 29. Bb5 {[%clk 0:17:14]} Bc8
{[%clk 0:17:50]} 30. Rgc2 {[%clk 0:14:21]} f5 {[%clk 0:13:01]} 31. Ng2
{[%clk 0:14:28]} Qf6 {[%clk 0:11:54]} 32. Nxh4 {[%clk 0:13:13]} Qxh4
{[%clk 0:12:23]} 33. gxf5 {[%clk 0:08:35]} gxf5 {[%clk 0:12:52]} 34. Rg2
{[%clk 0:08:32]} Ref7 {[%clk 0:12:44]} 35. Bf2 {[%clk 0:05:43]} Qh5
{[%clk 0:12:44]} 36. Qd3 {[%clk 0:05:03]} fxe4 {[%clk 0:12:34]} 37. fxe4
{[%clk 0:05:28]} Rf3 {[%clk 0:12:24]} 38. Qb1 {[%clk 0:04:06]} Bh3
{[%clk 0:10:35]} 39. Rg3 {[%clk 0:01:53]} Qf7 {[%clk 0:10:58]} 40. Qe1
{[%clk 0:01:29]} Nh5 {[%clk 0:09:39]} 41. Ba4 {[%clk 0:00:46]} Rg8
{[%clk 0:07:39]} 42. Bd1 {[%clk 0:00:44]} Nxg3 {[%clk 0:07:42]} 43. hxg3
{[%clk 0:00:38]} Rgxg3+ {[%clk 0:07:32]} 44. Kh1 {[%clk 0:00:47]} Bg2+
{[%clk 0:07:46]} 45. Kg1 {[%clk 0:00:39]} Qh5 {[%clk 0:08:04]} 0-1

[Event "Iran Women Ch.2016"]
[Site "Tehran"]
[Date "2016.01.18"]
[Round "4.8"]
[White "Hakimifard, Raana"]
[Black "Hamedi Nia, Vesal"]
[Result "1-0"]
[BlackElo "1833"]
[WhiteElo "2073"]
[LiveChessVersion "1.4.7"]

1. e4 {[%clk 1:30:58]} c5 {[%clk 1:30:47]} 2. Nf3 {[%clk 1:31:24]} e6
{[%clk 1:31:11]} 3. d4 {[%clk 1:31:51]} cxd4 {[%clk 1:31:37]} 4. Nxd4
{[%clk 1:32:18]} a6 {[%clk 1:32:01]} 5. Bd3 {[%clk 1:32:44]} Qc7 {[%clk 1:32:17]}
6. O-O {[%clk 1:30:08]} Be7 {[%clk 1:30:40]} 7. Qe2 {[%clk 1:23:52]} Bf6
{[%clk 1:24:14]} 8. c3 {[%clk 1:21:59]} Ne7 {[%clk 1:18:39]} 9. f4
{[%clk 1:18:54]} Bxd4+ {[%clk 1:15:18]} 10. cxd4 {[%clk 1:19:18]} d5
{[%clk 1:15:20]} 11. Nc3 {[%clk 1:12:46]} dxe4 {[%clk 1:11:49]} 12. Qxe4
{[%clk 1:09:16]} Nd7 {[%clk 1:08:40]} 13. f5 {[%clk 0:56:41]} Nf6
{[%clk 1:06:20]} 14. Qe2 {[%clk 0:56:53]} Qd6 {[%clk 0:56:24]} 15. Bf4
{[%clk 0:47:11]} Qxd4+ {[%clk 0:52:53]} 16. Kh1 {[%clk 0:47:34]} Nc6
{[%clk 0:35:22]} 17. Rad1 {[%clk 0:45:01]} Qb4 {[%clk 0:29:49]} 18. Bc4
{[%clk 0:29:53]} Na5 {[%clk 0:21:33]} 19. Bd5 {[%clk 0:27:48]} O-O
{[%clk 0:17:03]} 20. fxe6 {[%clk 0:27:33]} fxe6 {[%clk 0:17:12]} 21. Bxe6+
{[%clk 0:27:16]} Bxe6 {[%clk 0:17:10]} 22. Qxe6+ {[%clk 0:27:03]} Kh8
{[%clk 0:15:55]} 23. Bd6 {[%clk 0:23:48]} Qb6 {[%clk 0:15:32]} 24. Rde1
{[%clk 0:21:46]} Rg8 {[%clk 0:13:12]} 25. Rxf6 {[%clk 0:20:19]} gxf6
{[%clk 0:12:27]} 26. Qxf6+ {[%clk 0:20:45]} Rg7 {[%clk 0:12:31]} 27. Re7
{[%clk 0:20:49]} Rag8 {[%clk 0:11:57]} 28. Rxg7 {[%clk 0:21:09]} Rxg7
{[%clk 0:10:31]} 29. Qf8+ {[%clk 0:21:32]} 1-0

[Event "Iran Women Ch.2016"]
[Site "Tehran"]
[Date "2016.01.18"]
[Round "4.9"]
[White "Afshar, Niusha"]
[Black "Azali, Tannaz"]
[Result "1/2-1/2"]
[BlackElo "1818"]
[WhiteElo "1961"]
[LiveChessVersion "1.4.7"]

1. e4 {[%clk 1:30:54]} c5 {[%clk 1:30:54]} 2. Nf3 {[%clk 1:31:19]} e6
{[%clk 1:31:15]} 3. g3 {[%clk 1:31:28]} Qc7 {[%clk 1:31:08]} 4. Bg2
{[%clk 1:31:24]} d6 {[%clk 1:30:30]} 5. O-O {[%clk 1:28:11]} Nf6 {[%clk 1:30:33]}
6. Re1 {[%clk 1:27:48]} Nbd7 {[%clk 1:30:05]} 7. d4 {[%clk 1:27:09]} cxd4
{[%clk 1:30:19]} 8. Nxd4 {[%clk 1:27:25]} a6 {[%clk 1:30:12]} 9. a4
{[%clk 1:20:51]} Be7 {[%clk 1:29:17]} 10. Ra3 {[%clk 1:15:14]} O-O
{[%clk 1:23:14]} 11. b4 {[%clk 1:10:00]} Ne5 {[%clk 1:08:15]} 12. Rc3
{[%clk 1:04:12]} Qb6 {[%clk 1:05:41]} 13. Ba3 {[%clk 0:59:13]} Nc6
{[%clk 0:51:27]} 14. Nxc6 {[%clk 0:54:24]} bxc6 {[%clk 0:51:52]} 15. Nd2
{[%clk 0:34:48]} d5 {[%clk 0:48:37]} 16. Rb3 {[%clk 0:31:10]} Rd8
{[%clk 0:37:05]} 17. e5 {[%clk 0:31:05]} Nd7 {[%clk 0:37:03]} 18. a5
{[%clk 0:30:02]} Qc7 {[%clk 0:36:26]} 19. Qa1 {[%clk 0:22:13]} c5
{[%clk 0:29:43]} 20. bxc5 {[%clk 0:21:18]} Qxa5 {[%clk 0:29:06]} 21. Qc3
{[%clk 0:17:18]} Qxc3 {[%clk 0:22:58]} 22. Rxc3 {[%clk 0:17:44]} Nb8
{[%clk 0:22:42]} 23. Rb1 {[%clk 0:17:02]} Nc6 {[%clk 0:23:02]} 24. f4
{[%clk 0:16:30]} Nd4 {[%clk 0:22:27]} 25. Bf1 {[%clk 0:16:41]} Bd7
{[%clk 0:21:09]} 26. Nb3 {[%clk 0:13:41]} Nc6 {[%clk 0:17:21]} 27. Nd2
{[%clk 0:12:39]} Nd4 {[%clk 0:15:14]} 28. Nb3 {[%clk 0:13:03]} Nc6
{[%clk 0:14:19]} 29. Nd2 {[%clk 0:13:26]} Nd4 {[%clk 0:14:21]} 30. Nb3
{[%clk 0:08:29]} 1/2-1/2

[Event "Iran Women Ch.2016"]
[Site "Tehran"]
[Date "2016.01.18"]
[Round "4.10"]
[White "Jafari, Golnaz"]
[Black "Khachatourians, Teni"]
[Result "1/2-1/2"]
[BlackElo "1771"]
[WhiteElo "1909"]
[LiveChessVersion "1.4.7"]

1. e4 c6 2. d4 d5 3. Nd2 dxe4 4. Nxe4 Bf5 5. Ng3 Bg6 6. h4 h6 7. Nf3 e6 8. Ne5
Bh7 9. Qh5 Qc7 10. Bc4 Nf6 11. Qe2 Nd5 12. Qh5 Nf6 13. Qe2 Nd5 14. c3 Nd7 15. O-O
N7f6 16. Re1 Bd6 17. a4 O-O 18. Nh5 Qe7 19. Qf3 Bf5 20. Ng3 Bh7 21. Bf1 Bxe5 22.
dxe5 Nd7 23. Qg4 f5 24. exf6 Rxf6 25. Nh5 Rg6 26. Qh3 e5 27. Bd3 Rd6 28. Bxh7+
Kxh7 29. Ng3 Qf7 30. Qf5+ Qxf5 31. Nxf5 Rf6 32. Ng3 Re8 33. Ne4 Rg6 34. f3 Rge6
35. a5 N7f6 36. Ra4 Nxe4 37. Raxe4 Nf6 38. Rb4 R8e7 39. Be3 a6 40. Bc5 Rd7 41.
Bf2 Rd5 42. Bb6 1/2-1/2

[Event "Iran Women Ch.2016"]
[Site "Tehran"]
[Date "2016.01.18"]
[Round "4.11"]
[White "Asadi, Motahare"]
[Black "Ghazizadeh, Asana"]
[Result "1-0"]
[BlackElo "1864"]
[WhiteElo "1833"]
[LiveChessVersion "1.4.7"]

1. d4 {[%clk 1:30:37]} e6 2. c4 {[%clk 1:31:01]} Nf6 {[%clk 1:31:19]} 3. Nf3
{[%clk 1:31:18]} Bb4+ 4. Bd2 {[%clk 1:30:38]} Qe7 {[%clk 1:32:09]} 5. a3
{[%clk 1:30:29]} Bxd2+ {[%clk 1:32:31]} 6. Qxd2 O-O 7. Nc3 {[%clk 1:31:08]} d6
{[%clk 1:23:49]} 8. g3 {[%clk 1:27:16]} e5 {[%clk 1:21:36]} 9. Bg2
{[%clk 1:24:59]} Nbd7 {[%clk 1:13:57]} 10. e4 {[%clk 1:16:57]} a5
{[%clk 0:54:15]} 11. O-O {[%clk 1:10:05]} Nb6 {[%clk 0:50:59]} 12. Qd3
{[%clk 1:04:27]} a4 {[%clk 0:44:56]} 13. dxe5 {[%clk 0:47:49]} dxe5
{[%clk 0:45:09]} 14. Nd5 {[%clk 0:48:06]} Nbxd5 {[%clk 0:32:47]} 15. cxd5
{[%clk 0:48:22]} Bg4 {[%clk 0:30:50]} 16. Rfe1 {[%clk 0:39:27]} Nd7
{[%clk 0:29:00]} 17. Rac1 {[%clk 0:39:32]} Bxf3 {[%clk 0:27:59]} 18. Bxf3
{[%clk 0:39:41]} Nc5 {[%clk 0:27:34]} 19. Qb5 {[%clk 0:18:58]} b6
{[%clk 0:27:37]} 20. Red1 {[%clk 0:19:03]} Qf6 {[%clk 0:23:34]} 21. Rc3
{[%clk 0:17:30]} g6 {[%clk 0:20:43]} 22. d6 {[%clk 0:10:50]} cxd6
{[%clk 0:12:18]} 23. Qxb6 {[%clk 0:11:14]} Ra6 {[%clk 0:06:56]} 24. Qb4
{[%clk 0:06:42]} Raa8 {[%clk 0:05:11]} 25. Qb6 {[%clk 0:06:30]} Ra6
{[%clk 0:05:17]} 26. Qb5 {[%clk 0:04:33]} Raa8 {[%clk 0:05:19]} 27. Kg2
{[%clk 0:03:23]} Rab8 {[%clk 0:03:00]} 28. Qc6 {[%clk 0:03:14]} Rfd8
{[%clk 0:02:52]} 29. Rxc5 {[%clk 0:02:43]} Qe6 {[%clk 0:01:04]} 30. Rcd5
{[%clk 0:02:59]} Rbc8 {[%clk 0:00:49]} 31. Qxa4 {[%clk 0:03:20]} f5
{[%clk 0:00:51]} 32. Qb4 {[%clk 0:02:50]} Rc6 {[%clk 0:00:45]} 33. exf5
{[%clk 0:03:03]} gxf5 {[%clk 0:00:54]} 34. Rxe5 {[%clk 0:03:10]} Qxe5
{[%clk 0:00:47]} 35. Bxc6 {[%clk 0:03:33]} 1-0

[Event "Iran Women Ch.2016"]
[Site "Tehran"]
[Date "2016.01.18"]
[Round "4.12"]
[White "Davoodi, Yasaman"]
[Black "Mobarhani, Nazanin"]
[Result "1/2-1/2"]
[BlackElo "1856"]
[WhiteElo "1844"]
[LiveChessVersion "1.4.7"]

1. d4 d5 2. c4 e6 3. Nc3 c5 4. cxd5 exd5 5. dxc5 d4 6. Qa4+ Nc6 7. Ne4 Bf5 8. Ng3
Bg6 9. e4 Bxc5 10. Bb5 Nge7 11. Bd2 O-O 12. Nf3 a6 13. Bd3 b5 14. Qb3 Na5 15.
Bxa5 Qxa5+ 16. Nd2 Bb4 17. Rd1 Rac8 18. Ne2 Kh8 19. a3 Bxd2+ 20. Rxd2 f5 21. exf5
Bxf5 22. Bxf5 Nxf5 23. Qb4 Qxb4 24. axb4 Rc4 25. O-O Rxb4 26. Ra1 Ra8 27. Nc1 Rc4
28. Nb3 a5 29. Rad1 Kg8 30. Nxd4 Rd8 31. Ne2 Rxd2 32. Rxd2 Ra4 33. g3 Rb4 34. Kg2
Kf7 35. Nf4 Rd4 36. Rc2 Rd7 37. Rc5 Nd4 38. Nd5 Ke6 39. Nc3 Rb7 40. f4 b4 41.
Re5+ Kf7 42. Na4 Rb5 43. Re4 Nf5 44. g4 Nd6 45. Rd4 Nc8 46. Rd7+ Ne7 47. Kf3 g6
48. Rd6 Nc8 49. Rc6 Ne7 50. Rd6 Nc8 51. Rd7+ Ne7 52. Rd6 Nc8 1/2-1/2

[Event "Iran Women Ch.2016"]
[Site "Tehran"]
[Date "2016.01.19"]
[Round "5.2"]
[White "Hejazipour, Mitra"]
[Black "Hashemi, Seyede Fatemeh"]
[Result "1-0"]
[BlackElo "1812"]
[WhiteElo "2357"]
[LiveChessVersion "1.4.7"]

1. d4 {[%clk 1:18:43]} Nf6 {[%clk 1:30:26]} 2. c4 {[%clk 1:19:02]} g6
{[%clk 1:30:39]} 3. Nc3 {[%clk 1:19:23]} Bg7 {[%clk 1:30:44]} 4. e4
{[%clk 1:19:35]} d6 {[%clk 1:30:52]} 5. Nf3 {[%clk 1:19:30]} O-O {[%clk 1:30:44]}
6. Be2 {[%clk 1:19:47]} e5 {[%clk 1:30:36]} 7. Be3 {[%clk 1:19:58]} Nc6
{[%clk 1:27:45]} 8. d5 {[%clk 1:20:14]} Ne7 {[%clk 1:27:27]} 9. Nd2
{[%clk 1:20:32]} Nd7 {[%clk 1:24:41]} 10. O-O {[%clk 1:20:16]} f5
{[%clk 1:23:02]} 11. f3 {[%clk 1:20:39]} f4 {[%clk 1:21:50]} 12. Bf2
{[%clk 1:21:04]} g5 {[%clk 1:18:14]} 13. b4 {[%clk 1:20:58]} Nf6 {[%clk 1:16:29]}
14. c5 {[%clk 1:21:05]} Ng6 {[%clk 1:15:03]} 15. Nc4 {[%clk 1:21:15]} Rf7
{[%clk 1:13:42]} 16. cxd6 {[%clk 1:20:21]} cxd6 {[%clk 1:12:54]} 17. Nb5
{[%clk 1:19:20]} Bf8 {[%clk 1:11:01]} 18. Nxa7 {[%clk 1:16:38]} g4
{[%clk 0:48:50]} 19. Nxc8 {[%clk 1:09:35]} Rxc8 {[%clk 0:47:14]} 20. Bb6
{[%clk 1:03:31]} Qe7 {[%clk 0:45:30]} 21. Rc1 {[%clk 1:02:08]} Nh4
{[%clk 0:37:05]} 22. Qe1 {[%clk 0:44:28]} Nxe4 {[%clk 0:21:26]} 23. fxe4
{[%clk 0:42:58]} f3 {[%clk 0:20:29]} 24. Qg3 {[%clk 0:39:54]} fxe2
{[%clk 0:16:26]} 25. Rxf7 {[%clk 0:39:49]} Kxf7 {[%clk 0:11:57]} 26. Bf2
{[%clk 0:32:08]} Rc7 {[%clk 0:04:51]} 27. Qxh4 {[%clk 0:31:08]} Qxh4
{[%clk 0:05:10]} 28. Bxh4 {[%clk 0:31:32]} Kg8 {[%clk 0:03:23]} 29. a4
{[%clk 0:31:24]} Bh6 {[%clk 0:01:57]} 30. Rc2 {[%clk 0:31:46]} Kg7
{[%clk 0:01:13]} 31. Kf2 {[%clk 0:32:00]} Bd2 {[%clk 0:00:57]} 32. Rxd2
{[%clk 0:30:51]} Rxc4 {[%clk 0:01:23]} 33. Rxe2 {[%clk 0:31:18]} 1-0